Теория государства и права: учебник

Detalhes bibliográficos
Autor principal: Венгеров А. Б. Анатолий Борисович
Resumo:Учебник, написанный в соответствии с курсом «Теория государства и права» для юридических вузов, качественно отличается от выходивших ранее книг по этой дисциплине. Сохраняя все то ценное, что наработано в теоретико-правовой мысли за предыдущие годы, автор существенно обновляет и переосмысливает вопросы возникновения, развития и функционирования государства и права. Книга, посвященная современной теории государства и права, содержит ряд принципиально новых тем. Впервые на высоком теоретическом уровне осмыслены и изложены вопросы новых государственно-правовых процессов современного российского общества. Дается характеристика гражданского общества в его соотношении с правом и государством. Для студентов, аспирантов, преподавателей и научных работников юридических вузов.
Idioma:russo
Publicado em: Москва, Омега-Л, 2009
Edição:6-е изд., стер.
Colecção:Высшее юридическое образование
Assuntos:
Formato: Livro
KOHA link:https://koha.lib.tpu.ru/cgi-bin/koha/opac-detail.pl?biblionumber=149064

MARC

LEADER 00000nam0a2200000 4500
001 149064
005 20231101221411.0
010 |a 9785370008566 
035 |a (RuTPU)RU\TPU\book\161604 
035 |a RU\TPU\book\97877 
090 |a 149064 
100 |a 20060221d2009 m y0rusy50 ca 
101 0 |a rus 
102 |a RU 
105 |a y j 000zy 
200 1 |a Теория государства и права  |e учебник  |f А. Б. Венгеров 
205 |a 6-е изд., стер. 
210 |a Москва  |c Омега-Л  |d 2009 
215 |a 607 с. 
225 1 |a Высшее юридическое образование 
330 |a Учебник, написанный в соответствии с курсом «Теория государства и права» для юридических вузов, качественно отличается от выходивших ранее книг по этой дисциплине. Сохраняя все то ценное, что наработано в теоретико-правовой мысли за предыдущие годы, автор существенно обновляет и переосмысливает вопросы возникновения, развития и функционирования государства и права. Книга, посвященная современной теории государства и права, содержит ряд принципиально новых тем. Впервые на высоком теоретическом уровне осмыслены и изложены вопросы новых государственно-правовых процессов современного российского общества. Дается характеристика гражданского общества в его соотношении с правом и государством. Для студентов, аспирантов, преподавателей и научных работников юридических вузов. 
606 1 |a Государство и право  |x Теория  |2 stltpush  |3 (RuTPU)RU\TPU\subj\8388  |9 35806 
610 1 |a право 
610 1 |a государство 
610 1 |a Россия 
610 1 |a структура 
610 1 |a правотворчество 
610 1 |a правовые нормы 
610 1 |a гражданское общество 
610 1 |a учебники 
686 |a Х0я73  |v LBC/SL-A  |2 rubbk 
700 1 |a Венгеров  |b А. Б.  |g Анатолий Борисович 
801 1 |a RU  |b 63413507  |c 20081211  |g PSBO 
801 2 |a RU  |b 63413507  |c 20230315  |g PSBO 
942 |c BK 
959 |a 116/20081211  |d 2  |e 139,90  |f АНЛ:1  |f ЧЗГЛ:1